00645 2200241 4500001002100000005001500021035002000036007000300056008004100059020002200100082001200122084001800134100002500152245005600177250001000233300002900243650001000272264003500282336002100317337003000338338002300368990001200391INLIS00000000000013920230724082345 a0010-0723000115ta230724 0  a978-602-7870-86-4 a899.221 a899.221 PID d0 aPidi BaiqePengarang1 aDilan :bDia Adalah Dilanku Tahun 1990 /cPidi Baiq acet 1 a346 hlm :bilus ;c21 cm 4aNovel aBandung :bPastel Books,c2018 2rdacontentateks 2rdamediaatanpa perantara 2rdacarrieravolume a23.0014